Central Library OPAC University of Rajshahi

যোগ্য প্রার্থী আন্দোলন / (Record no. 76449)

MARC details
000 -LEADER
fixed length control field 00790nam a22002177a 4500
001 - CONTROL NUMBER
control field 76449
003 - CONTROL NUMBER IDENTIFIER
rucl marc code BD-RjUL
005 - DATE AND TIME OF LATEST TRANSACTION
control field 20211209082838.0
008 - FIXED-LENGTH DATA ELEMENTS--GENERAL INFORMATION
fixed length control field 191205s2007 bg ||||| |||| 00| 0 ben d
020 ## - INTERNATIONAL STANDARD BOOK NUMBER
International Standard Book Number 9789844105553
035 ## - SYSTEM CONTROL NUMBER
System control number (BD-RjUL)76670
040 ## - CATALOGING SOURCE
Original cataloging agency BD-RjUL
Language of cataloging eng
Transcribing agency BD-RjUL
041 ## - LANGUAGE CODE
Language code of text/sound track or separate title eng
082 ## - DEWEY DECIMAL CLASSIFICATION NUMBER
Edition number 23
Classification number 320.95492
Author mark and year YUJ 2007
100 ## - MAIN ENTRY--PERSONAL NAME
Personal name ইউনুস, মুহাম্মদ
9 (RLIN) 236067
Relator code নোবেল জয়ী
245 ## - TITLE STATEMENT
Title যোগ্য প্রার্থী আন্দোলন /
Statement of responsibility, etc. মুহাম্মদ ইউনুস
260 ## - PUBLICATION, DISTRIBUTION, ETC. (IMPRINT)
Place of publication, distribution, etc. ঢাকা :
Name of publisher, distributor, etc. মাওলা ব্রাদার্স,
Date of publication, distribution, etc. ২০০৭
300 ## - PHYSICAL DESCRIPTION
Pagination ১৫৯ পৃ. ;
Size ২২ সেমি.
651 ## - SUBJECT ADDED ENTRY--GEOGRAPHIC NAME
Geographic name Bangladesh
General subdivision Politics and government.
9 (RLIN) 236068
942 ## - ADDED ENTRY ELEMENTS (KOHA)
Source of classification or shelving scheme Dewey Decimal Classification
Koha item type Books
Holdings
Lost status Source of classification or shelving scheme Damaged status Not for loan Permanent Location Current Location Shelving location Date acquired Source of acquisition Cost, normal purchase price Total Checkouts Full call number Date last seen Copy number Koha item type
  Dewey Decimal Classification   Not For Loan Central Library, University of Rajshahi Central Library, University of Rajshahi Reading Room 12/11/2019 Vidyasagar, Rajshahi 175.00   B 320.95492 YUJ 2007 05/12/2019 C-1 Books
  Dewey Decimal Classification     Central Library, University of Rajshahi Central Library, University of Rajshahi   12/11/2019 Vidyasagar, Rajshahi 175.00   B 320.95492 YUJ 2007 05/12/2019 C-2 Books